000 00471nam a2200145 u 4500
001 000004797
005 20200929151514.0
008 090727s1999 dr a 000 0 spa d
040 _aDO-SdBNP
_bspa
_cBNPHU
100 1 _aRamos Messina, Emmanuel.
_9704
245 1 3 _aLa isla polítiKa /
_cEnmanuel Ramos Messina.
260 _aSanto Domingo :
_bSolar,
_c1999.
300 _a211 p. :
_bil. ;
_c24 cm.
500 _aIncluye referencias bibliográficas y notas al pie de las páginas
999 _c4603
_d4603